| 000 | 00922nam a22002657a 4500 | ||
|---|---|---|---|
| 001 | 7863 | ||
| 003 | FISKH | ||
| 005 | 20250812105044.0 | ||
| 008 | 250812b cb ||||| |||| 00| 0 eng d | ||
| 040 |
_aFISKH _beng _cFISKH _dFISKH |
||
| 050 | _aPZ7 | ||
| 082 | _a813.54 | ||
| 100 | _aHogan, Mary | ||
| 245 |
_aOh, babe! _cWritten by Mary Hogan ; Illustrated by Pat Paris |
||
| 260 |
_aNew York : _bUniversal Studio, _c1998. |
||
| 300 |
_a10 unnumbered pages : _bcolor illustrations ; _c23 cm |
||
| 505 | _aC | ||
| 520 | _aIt's another day at the farm for Babe and friends in this whimsical board book. Kids can create their own Babe stories with the enclosed Babe and Ferdinand finger puppets. Full color. | ||
| 521 | 8 |
_a100
_bLexile estimate |
|
| 521 | 8 |
_aC
_bRaz-Plus |
|
| 650 |
_aBoard Book _vAnimals _xChildren's Book |
||
| 700 |
_aParis, Pat _eillustrator |
||
| 942 |
_2ddc _cBK _n0 |
||
| 999 |
_c7863 _d7863 |
||